PDC Players by their Nickname #2 - Statistics

General Stats
  • This quiz has been taken 36 times
  • The average score is 12 of 15
Answer Stats
Hint Answer % Correct
Mighty Mike Michael Van Gerwen
100%
Rapid Ricky Evans
96%
Goldfinger Andrew Gilding
92%
Superchin Daryl Gurney
92%
German Giant Gabriel Clemens
92%
The Polish Eagle Krzysztof Ratajski
92%
Woody Luke Woodhouse
92%
MadHouse Ritchie Edhouse
88%
Heavy Metal Ryan Searle
88%
The History Maker Brendan Dolan
81%
Riot Callan Rydz
81%
Smudger Ross Smith
81%
Smash Martin Lukeman
69%
The Black Cobra Jeffrey De Zwaan
58%
Danny Danny Lauby
42%
No matching quizzes found
Score Distribution
Percent of People with Each Score
Percentile by Number Answered
Your Score History
You have not taken this quiz